| 000 | 00882nam0a22002531 4500 | ||
|---|---|---|---|
| 001 | RU\NLR\INFOCOMM\LIB1\13887 | ||
| 005 | 20250617205917.0 | ||
| 035 | _a(NLR Aleph) 004325231 | ||
| 090 |
_a2917328 _c2917328 |
||
| 100 | _a20011120d1932 |||y0rusy50 ca | ||
| 101 | 0 | _afin | |
| 102 | _aRU | ||
| 105 | _ay ||||000ay | ||
| 200 | 1 |
_aLippulaulu _eKuvaus Suomen kommunistisen nuorisoaktiivin elämästä vuodelta _fLudvig Kosonen |
|
| 210 |
_aL. _cValtion kustannusliike Kirja _d1932 |
||
| 215 |
_a192с. _d20см |
||
| 300 | _aНа обороте тит. л.:Людвиг Косонен.Знаменитый марш.Очерк о жизни комсомола в Финляндии 1929г. | ||
| 700 | 1 |
_aKosonen _bL. _gLudvig _4070 |
|
| 801 | 1 |
_aRU _bInfoComm _c20011120 |
|
| 801 | 0 |
_aRU _bNLR _gPSBO _c19630615 |
|
| 852 |
_aNLR _bН _j24-2/71 |
||
| 942 | _cBOOK | ||
| 980 | _aNB | ||